000 01244nam a2200313 a 4500
999 _c327440
_d327440
003 BLK
005 20250716114114.0
008 181210b bu a|||br|||| 00| 0 bu d
020 _a 9786197455007
040 _aBLK
041 _aBUL
_cBUL
080 _aАнглийска литература
_b821.111
_x-93-34
_z821.111-93-34
100 _aГоф, Джулиан
_eпърви автор
_91299
139 _aГоф, Джулиан
_bГ 70
240 _aRabbit & Bear, rabbit's bad habits. български език
245 _aЗаек и мечка: Заешки вредни навици дребни
_cДжулиан Гоф ; ил. Джим Фийлд ; прев. Петя Гуламали
260 _9391444
_aСофия
_bТаймлайнс стор
_c2018
_fКитай
_g2018
300 _a100 с.
_bс цв. ил.
_c19 см
380 _aDX
500 _aОриг. загл.: Rabbit & Bear, rabbit's bad habits / Julian Gough
700 _9599
_aФийлд, Джим
_eил.
700 _9966
_aГуламали, Петя
_eпрев.
852 _aЦб 292263
942 _cKNG
_n0
_057
944 _aCR
_c2018-12-10
_k30542
_lРусанова Ирена
999 _d327440
999 _d327440
999 _d327440